| 000 | 00821nam0a22002411 4500 | ||
|---|---|---|---|
| 001 | rc\1057428 | ||
| 005 | 20041129103928.5 | ||
| 035 | _a(NLR Aleph) 006218362 | ||
| 090 |
_a6442756 _c6442756 |
||
| 100 | _a20041129d1980 u |0rusy50 ca | ||
| 101 | 0 | _arus | |
| 102 | _aRU | ||
| 105 | _aa ||||||||| | ||
| 200 | 1 |
_aТеоретические основы комплекса ГТО _eУчеб.-метод. пособие для студентов БГОИФК |
|
| 210 |
_aМинск _cБГОИФК _d1980 |
||
| 215 |
_a57 с. _cил. _d21 |
||
| 300 | _aВ надзаг.: Белорус. гос. ин-т физ. культуры | ||
| 700 | 1 |
_aБезносиков _bЕ. Я. _gЕвгений Яковлевич |
|
| 801 | 0 |
_aRU _bNLR _gpsbo |
|
| 801 | 1 |
_aRU _bELAR _2rusmarc |
|
| 852 |
_aNLR _j81-4/1808 |
||
| 942 | _cBOOK | ||
| 980 | _aNB | ||